000 00231nam a2200097Ia 4500
001 710921
005 20250826162758.0
008 250824s9999 xx 000 0 und d
245 0 _aUÇURTMA AVCISI
_cKHALED HOSSEINI
260 _bEVEREST
999 _c710921
_d710921